An introduction to behavioural ecology / (Record no. 15863)

000 -LEADER
fixed length control field 00622pam a2200229 a 4500
020 ## - INTERNATIONAL STANDARD BOOK NUMBER
ISBN 0632014989 (pbk.)
040 ## - CATALOGING SOURCE
Transcribing agency DLC
082 00 - DEWEY DECIMAL CLASSIFICATION NUMBER
Classification number 591 BLA 1987 A081 Or.
100 1# - MAIN ENTRY--AUTHOR NAME
Personal name Krebs, J. R.
245 13 - TITLE STATEMENT
Title An introduction to behavioural ecology /
250 ## - EDITION STATEMENT
Edition statement 2nd ed.
260 ## - PUBLICATION, DISTRIBUTION, ETC. (IMPRINT)
Place of publication Boston :
Name of publisher Blackwell Scientific Publications,
Year of publication 1987, c1981.
300 ## - PHYSICAL DESCRIPTION
Number of Pages ix, 389 p. :
Other physical details ill. ;
Dimensions 24 cm.
500 ## - GENERAL NOTE
General note Includes index.
650 #0 - SUBJECT ADDED ENTRY--TOPICAL TERM
Topical Term Behavior evolution.
650 #0 - SUBJECT ADDED ENTRY--TOPICAL TERM
Topical Term Animal behavior.
650 #0 - SUBJECT ADDED ENTRY--TOPICAL TERM
Topical Term Human behavior.
650 #0 - SUBJECT ADDED ENTRY--TOPICAL TERM
Topical Term Animal ecology.
650 #0 - SUBJECT ADDED ENTRY--TOPICAL TERM
Topical Term Human ecology.
700 1# - ADDED ENTRY--PERSONAL NAME
Personal name Davies, N. B.
942 ## - ADDED ENTRY ELEMENTS (KOHA)
Koha item type សៀវភៅភាសាអង់គ្លេស
952 ## - LOCATION AND ITEM INFORMATION (KOHA)
Withdrawn status [LOCAL, KOHA] 0
Holdings
Permanent Location Date acquired Koha item type Lost status Shelving location Barcode Current Location Full call number
Library Block A2017-12-13សៀវភៅភាសាអង់គ្លេស A081A09423Library Block A591 BLA 1987 A081 Or.
មជ្ឈមណ្ឌលឯការនៃសាកលវិទ្យាល័យភូមិន្ទកសិកម្មចំការដូង

Powered by Koha